Knowledge Browsing with Superlinks : Digital Libraries and Knowledge Organization (Record no. 217452)
[ view plain ]
| 000 -LEADER | |
|---|---|
| fixed length control field | 00641nam a2200145Ia 4500 |
| 008 - FIXED-LENGTH DATA ELEMENTS--GENERAL INFORMATION | |
| fixed length control field | 231221s9999 xx 000 0 und d |
| 041 ## - LANGUAGE CODE | |
| Language code of text/sound track or separate title | English |
| 082 ## - DEWEY DECIMAL CLASSIFICATION NUMBER | |
| Classification number | BKCS12-158 |
| 100 ## - MAIN ENTRY--PERSONAL NAME | |
| Personal name | Mahesh, Kavi. Karanth, Pallavi. Jose, Antony |
| 245 #0 - TITLE STATEMENT | |
| Title | Knowledge Browsing with Superlinks : Digital Libraries and Knowledge Organization |
| 260 ## - PUBLICATION, DISTRIBUTION, ETC. | |
| Date of publication, distribution, etc. | 2012 |
| Name of publisher, distributor, etc. | Macmillan |
| Place of publication, distribution, etc. | New Delhi |
| 500 ## - GENERAL NOTE | |
| General note | Knowledge Browsing with Superlinks In: Digital Libraries and Knowledge Organization Edited by:Antony Jose. 467-477 Macmillan, Delhi, India isbn:978-935-059-076-8. |
| 650 ## - SUBJECT ADDED ENTRY--TOPICAL TERM | |
| Topical term or geographic name entry element | Knowledge,Browsing,Superlinks,Digital,Knowledge,Organization |
| 942 ## - ADDED ENTRY ELEMENTS (KOHA) | |
| Koha item type | Institutional repository |
| Date last seen | Total checkouts | Full call number | Accession number | Uniform resource identifier | Price effective from | Category | Lost status | Damaged status | Department | Withdrawn status | Home library | Current library | Shelving location | Entry date | Grants | Currency symbol | Conversion rate | Discount | Old discount |
|---|---|---|---|---|---|---|---|---|---|---|---|---|---|---|---|---|---|---|---|
| 26/01/2024 | BKCS12-158 | IR158 | digital/ir/IR158.pdf | 26/01/2024 | Institutional repository | CS | Central Library | Central Library | Central Library | CS | RS | 1 |
